[Event "ch-city A"]
[Site "Warszawa"]
[Date "2012.05.27"]
[Round "2.7"]
[White "Lasota, Adam"]
[Black "Deszczynski, Adam"]
[Result "0-1"]
[WhiteElo "1875"]
[BlackElo "2356"]
[PlyCount "146"]
[EventDate "2012.05.26"]
[EventType "swiss"]
[EventRounds "9"]
[EventCountry "POL"]

1. d4 Nf6 2. Bf4 e6 3. e3 c5 4. c3 Nc6 5. Nd2 b6 6. Ngf3 Bb7 7. h3 Be7 8. Be2
d5 9. O-O O-O 10. Ne5 Nxe5 11. Bxe5 Nd7 12. Bh2 Bf6 13. Nf3 Qe7 14. Bb5 a6 15.
Bxd7 Qxd7 16. Ne5 Qd8 17. b4 cxb4 18. cxb4 Be7 19. Qb3 f6 20. Nd3 Rc8 21. Rfc1
Qd7 22. a4 Rxc1+ 23. Rxc1 Rc8 24. Rc2 Kf7 25. Bg3 Rxc2 26. Qxc2 Qc6 27. Qxc6
Bxc6 28. Bc7 Bxa4 29. Bxb6 Bb5 30. Nc5 Bd6 31. Ba5 $11 e5 32. g3 h5 33. Kg2 g5
34. Nb7 Bb8 35. f3 Kg6 36. Bb6 e4 37. Bc5 exf3+ 38. Kxf3 Bf1 39. h4 Bb5 40. Nd6
Bd7 41. e4 Be6 42. e5 fxe5 43. dxe5 gxh4 44. gxh4 Bc7 45. Kg3 Bd8 46. Nb7 Bc7
47. Nd6 Bd7 48. Kf4 a5 49. b5 Bxd6 50. Bxd6 Bxb5 51. Bc5 Bd7 52. Bd6 a4 53. Ke3
Kf5 54. Kd4 Be6 55. Be7 Kg4 56. Kc3 Kf4 57. Kd4 Kf3 58. Bd6 Ke2 59. Kc3 Ke3 60.
Bc5+ Ke4 61. Kb4 Bd7 62. e6 Be8 63. Kc3 Ke5 64. e7 Ke4 65. Kd2 d4 66. Bd6 Kd5
67. Bb4 Kc4 68. Bd6 Bg6 69. Kc1 Kb3 70. Be5 Kc3 71. Bd6 Kd3 72. Bb4 Ke2 73. Bd2
a3 0-1

[Event "ch-city A"]
[Site "Warszawa"]
[Date "2012.05.27"]
[Round "2.8"]
[White "Janczarski, Michal"]
[Black "Pietocha, Pawel"]
[Result "1-0"]
[WhiteElo "2345"]
[BlackElo "2124"]
[PlyCount "105"]
[EventDate "2012.05.26"]
[EventType "swiss"]
[EventRounds "9"]
[EventCountry "POL"]

1. Nf3 g6 2. e4 Bg7 3. d4 d6 4. Bd3 Bg4 5. c3 Nf6 6. Nbd2 Nbd7 7. h3 Bxf3 8.
Nxf3 e5 9. Qb3 Rb8 10. O-O O-O 11. Be3 c5 12. Rfd1 Qc7 13. dxe5 dxe5 14. a4
Rbc8 15. Nd2 a6 16. a5 Ne8 17. Nc4 Kh8 18. g4 Qc6 19. Qa4 Qe6 20. Bf1 Rc7 21.
Bg2 f5 22. exf5 gxf5 23. gxf5 Qxf5 24. Nb6 Nef6 25. Rd6 Rg8 26. Nxd7 Nxd7 27.
Qc4 Bf6 28. Kf1 Rxg2 29. Kxg2 Nf8 30. Qd5 Rg7+ 31. Kf1 Qxh3+ 32. Ke2 Be7 33.
Rb6 Qg4+ 34. Kd2 Bd8 35. Rxb7 Bc7 36. Rxc7 Rxc7 37. Qxe5+ Qg7 38. Qxg7+ Kxg7
39. Kd3 c4+ 40. Kd4 Kf6 41. Kd5 Kf5 42. Rh1 Ng6 43. Bb6 Nf4+ 44. Kd6 Rg7 45.
Kc5 Nd3+ 46. Kxc4 Nxb2+ 47. Kd5 Rd7+ 48. Kc6 Rf7 49. Rh4 Nd3 50. Be3 Ne5+ 51.
Kb6 Rf6+ 52. Kb7 Kg6 53. Rh6+ 1-0

[Event "ch-city A"]
[Site "Warszawa"]
[Date "2012.05.27"]
[Round "2.9"]
[White "Sznapik, Aleksander"]
[Black "Pastuszko, Kinga"]
[Result "1-0"]
[WhiteElo "2397"]
[BlackElo "1945"]
[PlyCount "55"]
[EventDate "2012.05.26"]
[EventType "swiss"]
[EventRounds "9"]
[EventCountry "POL"]

1. e4 e5 2. Nf3 Nc6 3. Bb5 Nge7 4. O-O a6 5. Bc4 Ng6 6. c3 Be7 7. d4 d6 8. h3
h6 9. Re1 O-O 10. Nbd2 Nf4 11. Nf1 Bg5 12. Ng3 Qf6 13. Bxf4 Bxf4 14. Nh5 Qg6
15. Nxf4 exf4 16. Kh2 Re8 17. Qd2 Qf6 18. e5 dxe5 19. dxe5 Nxe5 20. Nxe5 Rxe5
21. Rxe5 Qxe5 22. Re1 Qf6 23. Re8+ Kh7 24. Rf8 f3 25. Bxf7 Qe5+ 26. g3 Qe2 27.
Rh8+ Kxh8 28. Qd8+ 1-0

[Event "ch-city A"]
[Site "Warszawa"]
[Date "2012.05.27"]
[Round "2.10"]
[White "Olejarczyk, Bogdan"]
[Black "Rozycki, Bartlomiej"]
[Result "1-0"]
[WhiteElo "2132"]
[BlackElo "1922"]
[PlyCount "119"]
[EventDate "2012.05.26"]
[EventType "swiss"]
[EventRounds "9"]
[EventCountry "POL"]

1. d4 d5 2. Nf3 e6 3. Bf4 Nf6 4. e3 c5 5. Nbd2 Nc6 6. c3 Bd6 7. Ne5 a6 8. a4
Qc7 9. Nxc6 Bxf4 10. exf4 Qxc6 11. Nf3 c4 12. Ne5 Qc7 13. g3 O-O 14. Bg2 Bd7
15. O-O b5 16. axb5 Bxb5 17. Qc2 g6 18. Rfe1 Rab8 19. h4 Rb6 20. Bf3 Rfb8 21.
g4 Be8 22. Ra2 Nd7 23. g5 f6 24. Nxd7 Bxd7 25. Qd2 fxg5 26. hxg5 Qb7 27. Re2
Ra8 28. Kg2 a5 29. Kg3 a4 30. Bg4 Qc6 31. Qe3 Qd6 32. Qc1 Kf7 33. Qh1 Rh8 34.
Ra1 Qf8 35. Qf3 h5 36. Bh3 Qd6 37. Rae1 Re8 38. Qe3 Qb8 39. Qc1 Rb3 40. Rc2 Qb6
41. Ree2 Qxd4 42. Rcd2 Qc5 43. Re3 Qd6 44. Qe1 a3 45. bxa3 Qxa3 46. Rde2 Qd6
47. Qd1 Qb6 48. Kg2 Qb7 49. Qd4 Re7 50. Kg3 e5 51. Rxe5 Rxe5 52. Qxe5 Kg8 53.
Bg2 Bc6 54. Qe6+ Kh7 55. Qf6 Rxc3+ 56. Qxc3 Qd7 57. Qe5 d4 58. Qe7+ Kg8 59.
Qxd7 Bxd7 60. Bd5+ 1-0

[Event "ch-city A"]
[Site "Warszawa"]
[Date "2012.05.27"]
[Round "2.11"]
[White "Zaczek, Jonathon"]
[Black "Jarmula, Lukasz"]
[Result "1/2-1/2"]
[WhiteElo "2117"]
[BlackElo "2050"]
[PlyCount "56"]
[EventDate "2012.05.26"]
[EventType "swiss"]
[EventRounds "9"]
[EventCountry "POL"]

1. e4 d6 2. d4 Nf6 3. f3 g6 4. c4 Bg7 5. Ne2 O-O 6. Be3 c5 7. d5 Nh5 8. Nbc3 e5
9. g4 Nf4 10. Nxf4 exf4 11. Bxf4 Qh4+ 12. Bg3 Qe7 13. Qd2 Bxg4 14. fxg4 Bxc3
15. bxc3 Qxe4+ 16. Qe2 Qxh1 17. O-O-O Nd7 18. Bg2 Rae8 19. Qf2 Qxd1+ 20. Kxd1
Ne5 21. Bxe5 Rxe5 22. Qf6 Rfe8 23. Bf3 Re1+ 24. Kd2 Rf1 25. h4 b5 26. h5 bxc4
27. h6 Rf2+ 28. Kd1 Rf1+ 1/2-1/2

[Event "ch-city A"]
[Site "Warszawa"]
[Date "2012.05.27"]
[Round "2.13"]
[White "Spicak, Krzysztof"]
[Black "Malec, Sebastian"]
[Result "0-1"]
[WhiteElo "2009"]
[BlackElo "2088"]
[PlyCount "58"]
[EventDate "2012.05.26"]
[EventType "swiss"]
[EventRounds "9"]
[EventCountry "POL"]

1. e4 c5 2. d3 g6 3. g3 Bg7 4. Bg2 Nc6 5. f4 d6 6. Nf3 Bg4 7. h3 Bxf3 8. Qxf3
Rb8 9. c3 e6 10. O-O Nge7 11. g4 h5 12. gxh5 Rxh5 13. Qg3 Kd7 14. Nd2 Qh8 15.
a4 g5 16. f5 Be5 17. Qf3 g4 18. hxg4 Bh2+ 19. Kf2 Ne5 20. Qe2 Rg5 21. Ke1 Rxg4
22. Nc4 Nxd3+ 23. Qxd3 Rxg2 24. fxe6+ fxe6 25. Qf3 Qh4+ 26. Kd1 Rbg8 27. Be3
R8g3 28. Qf4 Qh5+ 29. Kc1 Rh3 0-1

[Event "ch-city A"]
[Site "Warszawa"]
[Date "2012.05.27"]
[Round "2.14"]
[White "Liberadzki, Slawomir"]
[Black "Sielicki, Tomasz"]
[Result "1-0"]
[WhiteElo "2080"]
[BlackElo "2011"]
[PlyCount "83"]
[EventDate "2012.05.26"]
[EventType "swiss"]
[EventRounds "9"]
[EventCountry "POL"]

1. c4 e5 2. Nc3 d6 3. g3 f5 4. Bg2 Nf6 5. e3 Be7 6. Nge2 c6 7. d4 O-O 8. O-O
Na6 9. b3 Qe8 10. Ba3 Bd7 11. b4 Nc7 12. Qb3 Qf7 13. b5 cxb5 14. dxe5 dxe5 15.
Bxe7 Qxe7 16. cxb5+ Be6 17. Qb2 Ncd5 18. e4 Nb6 19. exf5 Bxf5 20. Rfe1 Ng4 21.
Nd4 Bd3 22. Nf3 Nc4 23. Qb3 Qc5 24. Ne4 Bxe4 25. Rxe4 Qxf2+ 26. Kh1 Nge3 27.
Rxe3 Qxe3 28. Qxc4+ Kh8 29. Re1 Qf2 30. Re2 Qb6 31. Nxe5 Qf6 32. h3 Rac8 33.
Qb3 Qb6 34. Nf7+ Rxf7 35. Qxf7 Qxb5 36. Re7 Qb1+ 37. Kh2 Qg6 38. Qxg6 hxg6 39.
Rxb7 a5 40. Rb5 a4 41. Rb4 a3 42. Rh4+ 1-0

[Event "ch-city A"]
[Site "Warszawa"]
[Date "2012.05.27"]
[Round "2.15"]
[White "Piotrowski, Arkadiusz"]
[Black "Guerrero Rodriguez, Alejandra"]
[Result "0-1"]
[WhiteElo "1959"]
[BlackElo "2057"]
[PlyCount "124"]
[EventDate "2012.05.26"]
[EventType "swiss"]
[EventRounds "9"]
[EventCountry "POL"]

1. e4 e6 2. d4 d5 3. e5 c5 4. dxc5 Bxc5 5. Qg4 Ne7 6. Qxg7 Ng6 7. Nh3 Nd7 8.
Bb5 Qa5+ 9. Nc3 d4 10. Ng5 Rf8 11. Nxh7 dxc3 12. Bxd7+ Bxd7 13. b4 Bxb4 14.
Nf6+ Kd8 15. O-O Bc6 16. Nh7 Qxe5 17. Rd1+ Kc7 18. Qxe5+ Nxe5 19. Bf4 Bd6 20.
Nxf8 Rxf8 21. Kh1 Bd5 22. Re1 f6 23. Re3 Ng4 24. Rxc3+ Kd7 25. Bxd6 Kxd6 26. f3
Ne5 27. Kg1 Rh8 28. Rd1 Rh4 29. a3 Ra4 30. Kf2 Nc4 31. Ra1 b5 32. Rb3 a6 33. h4
Ne5 34. Rb4 Nc4 35. Rxa4 bxa4 36. h5 Ke7 37. Ke2 Kf7 38. g4 Kg7 39. f4 Kh6 40.
Kd3 f5 41. gxf5 exf5 42. Kd4 Bf7 43. c3 Kxh5 44. Rh1+ Kg6 45. Rg1+ Kf6 46. Ra1
Ke7 47. Kc5 Kd7 48. Kb4 Kc6 49. Kxa4 Kc5 50. Kb3 Ne3+ 51. Kb2 Bc4 52. Re1 Nd5
53. Re3 Nxe3 54. Kc1 Nd5 55. Kd2 Nxf4 56. Ke3 Nd3 57. Kf3 Bd5+ 58. Ke3 Kc4 59.
Kd2 f4 60. a4 f3 61. a5 f2 62. Ke2 Bg2 0-1

[Event "ch-city A"]
[Site "Warszawa"]
[Date "2012.05.27"]
[Round "2.16"]
[White "Gluszko, Monika"]
[Black "Sujkowski, Pawel"]
[Result "0-1"]
[WhiteElo "2057"]
[BlackElo "1964"]
[PlyCount "80"]
[EventDate "2012.05.26"]
[EventType "swiss"]
[EventRounds "9"]
[EventCountry "POL"]

1. e4 c5 2. Nf3 Nc6 3. d4 cxd4 4. Nxd4 Nf6 5. Nc3 g6 6. Be3 Bg7 7. f4 d6 8. Be2
O-O 9. O-O Qb6 10. Qd3 Ng4 11. Nd5 Qd8 12. Bxg4 Bxg4 13. f5 Nxd4 14. Bxd4 Be2
15. Qxe2 Bxd4+ 16. Kh1 Rc8 17. Rad1 Be5 18. Rd3 e6 19. Ne3 Qe7 20. Ng4 exf5 21.
exf5 f6 22. Nh6+ Kg7 23. Rh3 g5 24. c3 Kh8 25. Re1 Rc5 26. Qh5 Rd5 27. Qe2 Rc5
28. Ng4 Qf7 29. a3 Qc4 30. Qf3 Qf7 31. Nf2 Rc4 32. Ne4 d5 33. Nd2 g4 34. Qe2
gxh3 35. Nxc4 hxg2+ 36. Qxg2 dxc4 37. Rd1 Rg8 38. Qf3 Qg7 39. Qh3 Qg4 40. Qf1
Qe4+ 0-1

[Event "ch-city A"]
[Site "Warszawa"]
[Date "2012.05.27"]
[Round "2.17"]
[White "Kaliszewski, Tomasz"]
[Black "Winiarski, Mikolaj"]
[Result "0-1"]
[WhiteElo "2020"]
[BlackElo "1955"]
[PlyCount "39"]
[EventDate "2012.05.26"]
[EventType "swiss"]
[EventRounds "9"]
[EventCountry "POL"]

1. e4 c5 2. Nf3 d6 3. d4 cxd4 4. Nxd4 Nf6 5. Nc3 a6 6. f3 Nbd7 7. Be3 e6 8. Qd2
b5 9. O-O-O Bb7 10. g4 Nb6 11. g5 Nfd7 12. h4 Ne5 13. b3 Rc8 14. Bh3 d5 15. f4
Nec4 16. bxc4 Nxc4 17. Qe2 Qa5 18. Kb1 Na3+ 19. Kc1 Qxc3 20. Rd3 0-1

[Event "ch-city A"]
[Site "Warszawa"]
[Date "2012.05.27"]
[Round "2.18"]
[White "Suchocki, Tomasz"]
[Black "Kubeczko, Grzegorz"]
[Result "0-1"]
[WhiteElo "1949"]
[BlackElo "2015"]
[PlyCount "80"]
[EventDate "2012.05.26"]
[EventType "swiss"]
[EventRounds "9"]
[EventCountry "POL"]

1. d4 d5 2. Bf4 Nf6 3. e3 Bg4 4. f3 Bf5 5. c4 c6 6. Qb3 Qb6 7. c5 Qxb3 8. axb3
Nbd7 9. b4 h6 10. g4 Nxg4 11. Nc3 Ngf6 12. h4 e6 13. Bg3 Nh5 14. Nge2 Bd3 15.
Bf2 a6 16. Bh3 Be7 17. Nc1 Bf5 18. Nb3 Bxh3 19. Rxh3 e5 20. Ne2 exd4 21. exd4
O-O-O 22. Kd2 Rde8 23. Rah1 Bd8 24. Nbc1 Bc7 25. Rg1 Re6 26. Bg3 Nxg3 27. Nxg3
Bf4+ 28. Kc2 h5 29. Nf1 Rhe8 30. Nd3 Bh6 31. Rh2 Re2+ 32. Rxe2 Rxe2+ 33. Kd1
Re6 34. Rg3 g6 35. Nd2 Bg7 36. Nb3 Re3 37. Kd2 Bh6 38. Kc3 Nf6 39. Rh3 Ne4+ 40.
Kc2 Rxd3 0-1

[Event "ch-city A"]
[Site "Warszawa"]
[Date "2012.05.28"]
[Round "3.1"]
[White "Szczepkowska Horowska, Karina"]
[Black "Leniart, Arkadiusz"]
[Result "0-1"]
[WhiteElo "2387"]
[BlackElo "2458"]
[PlyCount "98"]
[EventDate "2012.05.26"]
[EventType "swiss"]
[EventRounds "9"]
[EventCountry "POL"]

1. e4 c5 2. Nf3 e6 3. d3 Nc6 4. Nbd2 d5 5. g3 Bd6 6. Bg2 Nge7 7. O-O O-O 8. Re1
Bc7 9. Nf1 d4 10. Nh4 e5 11. Nd2 $11 Be6 12. Nb3 Bd6 13. f4 f6 14. f5 Bf7 15.
c4 b5 16. cxb5 Na5 17. Nd2 Qb6 18. b3 Qxb5 19. Nc4 Nxc4 20. bxc4 Qa6 21. g4 h6
22. Nf3 Bc7 23. a4 Ba5 24. Rf1 Bc3 25. Rb1 Be8 26. h4 Bxa4 27. Qe2 Nc6 28. g5
Kf7 29. gxf6 gxf6 30. Nh2 Ke7 31. Bxh6 Rf7 32. Bd2 Nb4 33. Bf3 Rb8 34. Bh5 Rg7+
35. Bg6 Bc2 36. Rxb4 cxb4 37. Bxc3 dxc3 38. Qxc2 b3 39. Qxc3 Qa2 40. Nf3 b2 41.
Nd2 b1=Q 42. Nxb1 Rxb1 43. Rxb1 Qxb1+ 44. Kg2 Kf8 45. Qa3+ Kg8 46. Qd6 Rb7 47.
Kf3 Qf1+ 48. Kg4 Qf4+ 49. Kh5 Kg7 0-1

[Event "ch-city A"]
[Site "Warszawa"]
[Date "2012.05.28"]
[Round "3.2"]
[White "Grabarczyk, Miroslaw"]
[Black "Janczarski, Michal"]
[Result "1/2-1/2"]
[WhiteElo "2445"]
[BlackElo "2345"]
[PlyCount "27"]
[EventDate "2012.05.26"]
[EventType "swiss"]
[EventRounds "9"]
[EventCountry "POL"]

1. d4 Nf6 2. c4 e6 3. Nf3 c5 4. d5 b5 5. Bg5 exd5 6. cxd5 h6 7. Bxf6 Qxf6 8.
Qc2 Be7 9. e4 Qb6 10. Be2 O-O 11. O-O d6 12. a4 bxa4 13. Nc3 Na6 14. Qxa4 $11
1/2-1/2

[Event "ch-city A"]
[Site "Warszawa"]
[Date "2012.05.28"]
[Round "3.3"]
[White "Deszczynski, Adam"]
[Black "Strzemiecki, Zbigniew"]
[Result "1/2-1/2"]
[WhiteElo "2356"]
[BlackElo "2416"]
[PlyCount "72"]
[EventDate "2012.05.26"]
[EventType "swiss"]
[EventRounds "9"]
[EventCountry "POL"]

1. e4 e6 2. d4 d5 3. Nc3 Bb4 4. e5 Ne7 5. Bd2 b6 6. Nce2 Bxd2+ 7. Qxd2 Ba6 8.
Nf3 c5 9. c3 Nbc6 10. g3 Rc8 11. Nf4 Bxf1 12. Kxf1 O-O 13. Kg2 cxd4 14. cxd4
Na5 15. b3 Nf5 16. Rac1 Qd7 17. g4 Ne7 $11 18. Nh5 Ng6 19. h4 Rxc1 20. Rxc1 Qe7
21. g5 Rd8 22. Rc2 Nb7 23. Qc1 Kh8 24. Kg3 Rd7 25. a3 Qe8 26. Rc8 Nd8 27. Kg4
Ne7 28. Rc3 Nb7 29. b4 Rd8 30. Rc7 Rd7 31. Qc2 Nc5 32. Rxd7 Nxd7 33. Qc7 a6 34.
Nf4 Qc8 35. Qxc8+ Nxc8 36. a4 Na7 $11 1/2-1/2

[Event "ch-city A"]
[Site "Warszawa"]
[Date "2012.05.28"]
[Round "3.4"]
[White "Nurkiewicz, Maciej"]
[Black "Olejarczyk, Bogdan"]
[Result "1-0"]
[WhiteElo "2407"]
[BlackElo "2132"]
[PlyCount "65"]
[EventDate "2012.05.26"]
[EventType "swiss"]
[EventRounds "9"]
[EventCountry "POL"]

1. e4 d5 2. exd5 Qxd5 3. Nc3 Qd6 4. d4 Nf6 5. Nf3 c6 6. Ne5 Nbd7 7. Nc4 Qc7 8.
Qf3 Nb6 9. Ne5 Be6 10. Bd3 Nbd5 11. O-O g6 12. Nxd5 Bxd5 13. Qe2 Bg7 14. Bf4
Nh5 15. Bd2 O-O 16. c4 Be6 17. f4 Qd6 18. Bc3 Rad8 19. Rad1 Bh6 20. f5 Bc8 21.
c5 Qc7 22. fxg6 hxg6 23. Rxf7 Rxf7 24. Bxg6 Rg7 25. Qxh5 Be3+ 26. Kh1 Rf8 27.
Nf7 Rfxf7 28. Bxf7+ Rxf7 29. d5 Qxh2+ 30. Qxh2 Rh7 31. dxc6 Rxh2+ 32. Kxh2 Kf7
33. Rd8 1-0

[Event "ch-city A"]
[Site "Warszawa"]
[Date "2012.05.28"]
[Round "3.5"]
[White "Jarmula, Pawel"]
[Black "Sznapik, Aleksander"]
[Result "0-1"]
[WhiteElo "2157"]
[BlackElo "2397"]
[PlyCount "118"]
[EventDate "2012.05.26"]
[EventType "swiss"]
[EventRounds "9"]
[EventCountry "POL"]

1. e4 g6 2. d4 Bg7 3. Nc3 d6 4. h3 Nf6 5. Nf3 O-O 6. Be3 c6 7. a4 Nbd7 8. a5
Qc7 9. Be2 e5 10. dxe5 Nxe5 11. Nxe5 dxe5 12. Bc4 Nh5 13. O-O Rd8 14. Qf3 Nf4
15. Ne2 Be6 16. Bxe6 Nxe6 17. c3 Bf8 18. g3 Rd3 19. Nc1 Rd7 20. Qe2 Bc5 21.
Bxc5 Nxc5 22. Qc4 Ne6 23. Nd3 Qd6 24. Rfd1 Rad8 25. b4 Qc7 26. h4 Kg7 27. Nb2
Rd2 28. Rxd2 Rxd2 29. Qb3 b5 30. Nd1 Qd8 31. Qb1 Qf6 32. Qc1 Re2 33. Kg2 Qd8
34. Ne3 Qd3 35. Kf3 Rd2 36. Qe1 Qxc3 37. Rd1 Nd4+ 38. Kg2 Rd3 39. Qxc3 Rxc3 40.
Ng4 f6 41. f4 exf4 42. gxf4 Rc4 43. e5 f5 44. Nf6 Rxb4 45. Kf2 c5 46. Nd7 Ne6
47. Rd6 Rxf4+ 48. Ke3 Re4+ 49. Kf2 Rd4 50. Rxe6 Rxd7 51. Rc6 c4 52. a6 Re7 53.
Rc5 Re6 54. Rc7+ Kh6 55. Rxa7 Rxe5 56. Rb7 Re6 57. a7 Ra6 58. Ke3 c3 59. Kd3
Ra3 0-1

[Event "ch-city A"]
[Site "Warszawa"]
[Date "2012.05.28"]
[Round "3.7"]
[White "Skawinski, Arkadiusz"]
[Black "Guerrero Rodriguez, Alejandra"]
[Result "1-0"]
[WhiteElo "2303"]
[BlackElo "2057"]
[PlyCount "87"]
[EventDate "2012.05.26"]
[EventType "swiss"]
[EventRounds "9"]
[EventCountry "POL"]

1. e4 e6 2. d4 d5 3. e5 c5 4. c3 Nc6 5. Nf3 Qb6 6. a3 c4 7. Nbd2 Na5 8. Be2 Bd7
9. Rb1 Ne7 10. b3 cxb3 11. Nxb3 Ba4 12. Nxa5 Bxd1 13. Rxb6 axb6 14. Bb5+ Kd8
15. Nxb7+ Kc7 16. Kxd1 Kxb7 17. Ng5 Nf5 18. Nxf7 Bxa3 19. Nxh8 Bxc1 20. Kc2 Bg5
21. Nf7 Be7 22. g4 Nh4 23. Nd6+ Kb8 24. Kb2 Ra5 25. c4 Nf3 26. Rd1 h6 27. h3
Ng5 28. f4 Bxd6 29. fxg5 Ba3+ 30. Kb3 hxg5 31. Ra1 Be7 32. Rxa5 bxa5 33. cxd5
exd5 34. Bc6 Kc7 35. Bxd5 Bb4 36. Bf7 Bd2 37. Be8 Kd8 38. Ba4 Ke7 39. Kc4 Bf4
40. Kd5 Bc1 41. Ke4 g6 42. d5 Ba3 43. d6+ Ke6 44. Bb3+ 1-0

[Event "ch-city A"]
[Site "Warszawa"]
[Date "2012.05.28"]
[Round "3.8"]
[White "Jarmula, Lukasz"]
[Black "Adamski, Andrzej"]
[Result "1-0"]
[WhiteElo "2050"]
[BlackElo "2268"]
[PlyCount "87"]
[EventDate "2012.05.26"]
[EventType "swiss"]
[EventRounds "9"]
[EventCountry "POL"]

1. e4 e5 2. Nf3 d6 3. d4 exd4 4. Nxd4 g6 5. Nc3 Bg7 6. Be3 Nf6 7. Be2 O-O 8.
Qd2 Re8 9. f3 Nc6 10. O-O-O Bd7 11. h4 Rb8 12. g4 Nxd4 13. Bxd4 b5 14. g5 b4
15. gxf6 bxc3 16. Qxc3 Bh8 17. h5 g5 18. Rdg1 h6 19. f4 c5 20. fxg5 cxd4 21.
Qg3 Re5 22. gxh6+ Kh7 23. Qg6+ fxg6 24. hxg6+ Kg8 25. h7+ Kf8 26. g7+ Kf7 27.
g8=Q+ Qxg8 28. hxg8=Q+ Rxg8 29. Rh7+ Kf8 30. Rxg8+ Kxg8 31. f7+ Kf8 32. Rxh8+
Kxf7 33. Bc4+ Be6 34. Bxe6+ Rxe6 35. Rh7+ Ke8 36. Rxa7 Rxe4 37. Kd2 Kd8 38. Kd3
Rh4 39. a4 Kc8 40. b4 Rg4 41. Re7 Rg2 42. a5 Rh2 43. a6 Kb8 44. b5 1-0

[Event "ch-city A"]
[Site "Warszawa"]
[Date "2012.05.28"]
[Round "3.9"]
[White "Cajbel, Maciej"]
[Black "Kubeczko, Grzegorz"]
[Result "1-0"]
[WhiteElo "2222"]
[BlackElo "2015"]
[PlyCount "105"]
[EventDate "2012.05.26"]
[EventType "swiss"]
[EventRounds "9"]
[EventCountry "POL"]

1. e4 c6 2. Nc3 d5 3. Nf3 Bg4 4. h3 Bxf3 5. Qxf3 dxe4 6. Nxe4 Nd7 7. Qg3 Ngf6
8. d3 Nxe4 9. dxe4 Nc5 10. Qe3 e5 11. c3 Qh4 12. b4 Nd7 13. g3 Qd8 14. Bc4 a5
15. O-O b5 16. Bb3 a4 17. Bd1 Be7 18. Be2 O-O 19. a3 Qb6 20. Rd1 Rad8 21. c4 c5
22. cxb5 cxb4 23. axb4 Bxb4 24. Rxa4 Bc5 25. Qf3 Qe6 26. Bg5 Ra8 27. Rxa8 Rxa8
28. Kg2 h6 29. Bc1 Bd4 30. Rd2 Ra2 31. Qd3 Nc5 32. Qc4 Qxc4 33. Bxc4 Rxd2 34.
Bxd2 Nd7 35. Bb4 g5 36. h4 Kg7 37. hxg5 hxg5 38. f3 Nb6 39. Bb3 Kg6 40. g4 Nd7
41. Kf1 Kf6 42. Ke2 Nb6 43. Kd3 Bf2 44. Bd5 Bd4 45. Kc2 Be3 46. Kb3 Bf2 47. Bd6
Be3 48. Kb4 Nc8 49. Bc5 Bd2+ 50. Ka4 Bc3 51. Bb7 Ne7 52. b6 Bd2 53. Bd5 1-0

[Event "ch-city A"]
[Site "Warszawa"]
[Date "2012.05.28"]
[Round "3.10"]
[White "Pietocha, Pawel"]
[Black "Sujkowski, Pawel"]
[Result "1/2-1/2"]
[WhiteElo "2124"]
[BlackElo "1964"]
[PlyCount "127"]
[EventDate "2012.05.26"]
[EventType "swiss"]
[EventRounds "9"]
[EventCountry "POL"]

1. b3 e5 2. Bb2 Nc6 3. e3 g6 4. Nf3 Bg7 5. Bb5 Nge7 6. O-O O-O 7. d4 exd4 8.
Nxd4 Nxd4 9. Bxd4 Bxd4 10. Qxd4 c6 11. Be2 d5 12. Rd1 Nf5 13. Qf4 Qe7 14. Nd2
Re8 15. Nf3 Be6 16. Nd4 Rad8 17. Nxf5 Bxf5 18. Rd2 Qf6 19. Rad1 Qc3 20. Qd4
Qxd4 21. exd4 Re7 22. c4 Rde8 23. Kf1 Be6 24. a3 g5 25. c5 b6 26. b4 bxc5 27.
dxc5 Rb8 28. Rb1 Rc7 29. Rbb2 Ra8 30. f4 f6 31. Kf2 Re8 32. Bd3 Bd7 33. g3 Kg7
34. Re2 Rcc8 35. Re3 h6 36. a4 Kf7 37. Rxe8 Kxe8 38. Ke3 Kd8 39. Kd4 Kc7 40. b5
gxf4 41. gxf4 Rg8 42. b6+ axb6 43. cxb6+ Kd6 44. b7 c5+ 45. Ke3 Re8+ 46. Kd2
Kc7 47. a5 Kb8 48. Rb6 Re6 49. Rxe6 Bxe6 50. a6 Bd7 51. Kc3 c4 52. Bf1 Bb5 53.
Bg2 Bc6 54. Kd4 c3 55. Kd3 Ka7 56. Bf3 Kb8 57. Bg2 Ka7 58. Kxc3 d4+ 59. Kxd4
Bxg2 60. Kc5 Bf1 61. Kd6 Bxa6 62. Ke6 Kxb7 63. Kxf6 Kc7 64. Kg6 $11 1/2-1/2

[Event "ch-city A"]
[Site "Warszawa"]
[Date "2012.05.28"]
[Round "3.11"]
[White "Winiarski, Mikolaj"]
[Black "Zaczek, Jonathon"]
[Result "1/2-1/2"]
[WhiteElo "1955"]
[BlackElo "2117"]
[PlyCount "107"]
[EventDate "2012.05.26"]
[EventType "swiss"]
[EventRounds "9"]
[EventCountry "POL"]

1. d4 Nf6 2. c4 g6 3. f3 c5 4. d5 d6 5. e4 Bg7 6. Ne2 O-O 7. Nbc3 e6 8. Bg5 Qb6
9. Qd2 exd5 10. Bxf6 Bxf6 11. Nxd5 Qd8 12. O-O-O Bg7 13. Ndf4 Nc6 14. Kb1 f5
15. Qd5+ Kh8 16. h4 Nb4 17. Qd2 fxe4 18. fxe4 Bg4 19. a3 Nc6 20. h5 gxh5 21.
Nxh5 Be5 22. Qh6 Qe7 23. Rd2 Bxh5 24. Qxh5 Rf2 25. g3 Qf7 26. Qxf7 Rxf7 27. Bh3
Ne7 28. Nf4 Rg7 29. Bf5 Bxf4 30. gxf4 Nxf5 31. exf5 Rf8 32. Rxd6 Rxf5 33. Rd8+
Rg8 34. Rd7 Rg7 35. Rd8+ Rg8 36. Rxg8+ Kxg8 37. Rf1 Rh5 38. Kc2 Rh2+ 39. Kd3
Rxb2 40. Ke4 Kf7 41. Rd1 Re2+ 42. Kf5 h5 43. Rh1 Rc2 44. Rxh5 Rxc4 45. Rh7+ Kg8
46. Rxb7 Ra4 47. Kg5 Rxa3 48. f5 Ra6 49. f6 Ra1 50. Rc7 $11 Rg1+ 51. Kf5 Rf1+
52. Ke6 Ra1 53. Kf5 $11 Rf1+ 54. Kg6 1/2-1/2

[Event "ch-city A"]
[Site "Warszawa"]
[Date "2012.05.28"]
[Round "3.12"]
[White "Gorecki, Andrzej"]
[Black "Lasota, Adam"]
[Result "1-0"]
[WhiteElo "2102"]
[BlackElo "1875"]
[PlyCount "59"]
[EventDate "2012.05.26"]
[EventType "swiss"]
[EventRounds "9"]
[EventCountry "POL"]

1. d4 Nf6 2. c4 g6 3. Nc3 d5 4. cxd5 Nxd5 5. e4 Nxc3 6. bxc3 Bg7 7. Nf3 c5 8.
Rb1 b6 9. Bb5+ Bd7 10. Be2 O-O 11. O-O Bc6 12. d5 Bb7 13. c4 Qc7 14. Bg5 Re8
15. Bh4 Nd7 16. Bg3 Ne5 17. Ne1 f6 18. f4 Nf7 19. f5 Nd6 20. fxg6 hxg6 21. Qc2
Qd8 22. e5 Nf5 23. Rxf5 gxf5 24. e6 b5 25. Rxb5 Ba6 26. Rb3 Qa5 27. Qxf5 Qxa2
28. Bh5 Qxb3 29. Bf7+ Kf8 30. Qh7 1-0

[Event "ch-city A"]
[Site "Warszawa"]
[Date "2012.05.28"]
[Round "3.13"]
[White "Malec, Sebastian"]
[Black "Szewczyk, Mariusz"]
[Result "0-1"]
[WhiteElo "2088"]
[BlackElo "1920"]
[PlyCount "42"]
[EventDate "2012.05.26"]
[EventType "swiss"]
[EventRounds "9"]
[EventCountry "POL"]

1. e4 e5 2. Nf3 Nf6 3. d4 exd4 4. e5 Ne4 5. Qxd4 d5 6. Be3 Nc6 7. Bb5 Bc5 8.
Qd3 O-O 9. Bxc5 Nxc5 10. Qa3 Ne4 11. Nc3 Bg4 12. Bxc6 bxc6 13. Nd4 Qe8 14. Nxe4
Qxe5 15. O-O Qxd4 16. Nc5 Rfe8 17. c3 Qd2 18. Nb3 Qg5 19. Kh1 Re6 20. Rfe1 Qf4
21. Nd4 Rh6 0-1

[Event "ch-city A"]
[Site "Warszawa"]
[Date "2012.05.28"]
[Round "3.14"]
[White "Kowalska, Elzbieta"]
[Black "Liberadzki, Slawomir"]
[Result "0-1"]
[WhiteElo "1944"]
[BlackElo "2080"]
[PlyCount "78"]
[EventDate "2012.05.26"]
[EventType "swiss"]
[EventRounds "9"]
[EventCountry "POL"]

1. e4 c5 2. Nf3 e6 3. d4 cxd4 4. Nxd4 Nc6 5. Nb5 d6 6. N1c3 a6 7. Nd4 Qc7 8.
Be3 Nf6 9. f3 b5 10. Nxc6 Qxc6 11. Ne2 Bb7 12. Nd4 Qc7 13. c3 d5 14. exd5 Nxd5
15. Bf2 Bd6 16. g3 O-O 17. Bd3 Rad8 18. Qc2 g6 19. O-O-O e5 20. Ne2 f5 21. Rhf1
Nf6 22. Ng1 Bd5 23. Kb1 Qf7 24. b3 Rc8 25. Be3 Rc7 26. Qb2 Rfc8 27. Ne2 Qf8 28.
Bg5 Ba8 29. Bxf6 Qxf6 30. h4 Qe7 31. Qd2 Rd8 32. Qg5 Qxg5 33. hxg5 Rcd7 34. Bc2
Bc7 35. Rxd7 Rxd7 36. f4 Rd2 37. Re1 exf4 38. Kc1 Rxe2 39. Rxe2 fxg3 0-1